000 00401nam a2200157Ia 4500
003 Ost
005 20260225132547.0
008 260225s9999||||xx |||||||||||||| ||und||
040 _cfsic
041 _afre
082 _a440
100 _aLwis M mackenzie
_eAuteur
245 0 _aLa communication dans les resaux d'ordinateurs principes et exigences /
245 0 _cLwis M mackenzie
942 _cكتاب
999 _c33918
_d33918